| 000 | 00538nam a22001937a 4500 | ||
|---|---|---|---|
| 999 |
_c6341 _d6341 |
||
| 003 | OSt | ||
| 005 | 20191003150345.0 | ||
| 008 | 191003b ||||| |||| 00| 0 eng d | ||
| 020 | _a0486649407 | ||
| 040 | _cDDC | ||
| 082 | _a515.35 TEN 1985 | ||
| 100 |
_aTenenbaum, Morris; Pollard, Harry _912973 |
||
| 245 | _aOrdinary Differential Equations | ||
| 260 |
_aNew York; _bDover Publications, _c1985 |
||
| 300 |
_axvii,808p; _b21cm |
||
| 504 | _aBibliography, & index included | ||
| 650 |
_aDifferential equations _9751 |
||
| 942 |
_2z _cB_BANK |
||